000 00680nam a2200181 a 4500
005 20260112063301.0
020 _a9780091816971
039 _a202504231210
_bstaff
_c202111181100
_d staff
_c202111101518
_d staff
_c202111101518
_d staff
_y 201009152303
_z staff
082 _a155.24 /
_bJOH [ Shelf 3 ]
100 _aJohnson, Spencer.
245 _aWho moved my cheese? :
_bAn amazing way to deal with change in your work and in your life /
_cSpencer Johnson.
260 _aLondon :
_bVermilion ,
_cc1998.
300 _a96 p. :
_bill. ;
_c21 cm.
650 _aChange (Psychology)
991 _aVIRTUA40
991 _aVTLSSORT0080*0200*0820*1000*2450*2600*3000*6500*9992
909 _a3615
999 _c3203
_d3203